Y2K crisis : Management briefing & awareness crash course
| Format: | Book |
|---|---|
| Published: |
Petaling Jaya, Selangor :
IBMS Technology ,
1998
|
| Series: | Y2K series; 1
|
| Subjects: |
MARC
| LEADER | 00000cam a2200000 7i4500 | ||
|---|---|---|---|
| 001 | 0000001349 | ||
| 005 | 20140517.0 | ||
| 020 | 0 | 0 | |a 9839943219 |
| 090 | 0 | 0 | |a 005.16 |b YTW 1998 |
| 245 | 0 | 0 | |a Y2K crisis : |b Management briefing & awareness crash course |
| 260 | 0 | 0 | |a Petaling Jaya, Selangor : |b IBMS Technology , |c 1998 |
| 300 | |a xxii, 332 p. ; |c 21 cm. | ||
| 440 | 0 | 0 | |a Y2K series; 1 |
| 500 | 0 | 0 | |a Includes index |
| 650 | 0 | 0 | |a Year 2000 date conversion (Computer systems) |x Auditing |
| 998 | |a JPSM | ||
| 999 | |a 0000002413 |b Monograph |c Open Shelf |e Default branch | ||